| 000 | 00683cab a2200229 4500 | ||
|---|---|---|---|
| 001 | ABS45893 | ||
| 008 | 090401t1992 xxu||||| |||| 00| 0 eng d | ||
| 035 | _a(Sirsi) u55760 | ||
| 041 | _aeng | ||
| 100 | _aAdams, J. | ||
| 245 | _aAccess to Neighbouring Land Bill | ||
| 260 | _c1992 | ||
| 350 | _a0 | ||
| 490 |
_aEstates Gazette _v(9204) 1 February 1992, 122-144(2) |
||
| 520 | _aIntroduces a revised Access to Neighbouring Land Bill, comparing its provisions with that of the original. | ||
| 650 | _aACCESS ORDERS | ||
| 650 | _aACCESS TO NEIGHBOURING LAND BILL | ||
| 690 | _aHIGHWAYS RIGHTS OF WAY AND EASEMENTS | ||
| 690 | _aLAND | ||
| 942 | _n0 | ||
| 948 | _c04/03/1997 | ||
| 999 |
_c34083 _d34083 |
||